First Ministers of Wales - Statistics

General Stats
  • This quiz has been taken 40 times
    19 since last reset
  • The average score is 6 of 6
Answer Stats
Tenure Party First Minister % Correct
2009-2018 Labour Carwyn Jones
100%
2018-2024 Labour Mark Drakeford
100%
2000-2009 Labour Rhodri Morgan
100%
2024 Labour Vaughan Gething
94%
2024- Labour Eluned Morgan
89%
1999-2000 Labour Alun Michael
78%
No matching quizzes found
Score Distribution
Percent of People with Each Score
Percentile by Number Answered
Your Score History
You have not taken this quiz since the last reset